000 00726cab a2200217 4500
001 WB3037-48
008 090401t1994 xxu||||| |||| 00| 0 eng d
035 _a(Sirsi) u62002
041 _aeng
245 _aPlanning study cover up
260 _c1994
350 _a0
490 _aEstates Gazette
_v(9439) 1 October 1994, 54(1)
520 _aThe University of Strathclyde has attacked the Scottish Office for omitting key recommendations in its report on use classes in Scotland and the effects of the introduction of Class 4 - business class - in 1989.
650 _aCLASS 4
650 _aUSE CLASSES SCOTLAND
650 _aUSE CLASSES
690 _aPLANNING LAW AND PRACTICE
942 _n0
948 _c04/03/1997
999 _c38483
_d38483